000 01734nam0a2200325 4500
001 RU\NLR\bibl\1724268
005 20260406013120.0
010 _a978-5-89482-671-4
_9200
021 _aRU
_b2010-98711
_96659
035 _a(NLR Aleph) 001715244
090 _a1305289
_c1305289
100 _a20110119d2010 |||y0rusy50 ca
101 0 _arus
102 _aRU
105 _aa |||||||||
200 1 _aМатематические основы теории автоматического управления
_eучебник
_fА.Р. Колганов, С.К. Лебедев, А.В. Ханаев
_gМ-во образования и науки Рос. Федерации, Гос. образоват. учреждение высш. проф. образования "Иванов. гос. энерг. ун-т им. В.И. Ленина"
210 _aИваново
_cИвановский государственный энергетичский университет
_d2010
215 _a340 с.
_cил.
_d22
320 _aБиблиогр.: с. 340 (16 назв.)
606 1 _aТАУ
_jУчебники для высших учебных заведений
_xМатематические основы
_92461163
_3RU\NLR\auth\661462409
686 _aЗ965-01с11я73-1
700 1 _aКолганов
_bА. Р.
_gАлексей Руфимович
_4070
701 1 _4070
_8rus
_7ca
_aЛебедев
_bС. К.
_cканд. техн. наук
_gСергей Константинович
_3RU\NLR\auth\77118581
_9101506
701 1 _aХанаев
_bА. В.
_gАлексей Викторович
_4070
801 0 _aRU
_bNLR
_c20110119
_gRCR
801 1 _aRU
_bNLR
_c20110119
830 _aавт. по кн.
942 _cBOOK
980 _aNB